La distribución de las competencias económicas entre el poder central y las autonomías territoriales en el derecho comparado y en la Constitución española

Enregistré dans:
Détails bibliographiques
Auteur principal: Ruiloba Santana, Eloy (Auteur)
Autres auteurs: García de Enterría, Eduardo (Directeur), Muñoz Machado, Santiago (autor), Ortega Álvarez, Luis (autor), Parejo Alfonso, Luciano (autor)
Format: Livre
Langue:espagnol
Publié: Madrid Instituto de Estudios Económicos 1980
Collection:Estudios
Sujets:
Tags: Ajouter un tag
Pas de tags, Soyez le premier à ajouter un tag!

MARC

LEADER 00000nam a2200000 a 4500
001 UCS0552
003 CL-VaPUC
005 20230801161216.0
008 970426e19800000SP |||||||||||||||||spa|d
999 |c 258774  |d 258772 
040 |c Pontificia Universidad Católica de Valparaíso 
082 0 4 |a 340.2  |b GAR  |2 21 
100 1 |a García de Enterría, Eduardo  |e director  |9 254850 
245 1 3 |a La distribución de las competencias económicas entre el poder central y las autonomías territoriales en el derecho comparado y en la Constitución española 
260 |a Madrid  |b Instituto de Estudios Económicos  |c 1980 
300 |a 493 p 
490 0 |a Estudios 
583 |a last modification  |c 19970426 00:00:00  |k Rodrigo Vera 
650 0 |a Derecho comparado  |9 255664 
650 0 |a Constituciones  |9 255417 
650 0 |a Derecho constitucional   |9 222588 
650 0 |a Poder político  |9 255509 
650 0 |a Economía   |9 255568 
650 0 |a Política fiscal  |9 317354 
651 0 |a Europa  |9 255156 
700 |a Muñoz Machado, Santiago  |e autor  |9 295515 
700 |a Ortega Álvarez, Luis  |e autor  |9 533926 
700 |a Parejo Alfonso, Luciano  |e autor  |9 339 
700 0 |a Ruiloba Santana, Eloy  |e author  |9 384205 
942 |c BK  |2 ddc 
945 |d 19970426 00:00:00  |a paguirre 
952 |0 0  |1 0  |4 0  |6 340_200000000000000_GAR_1980  |7 0  |8 A  |9 283069  |a BIBDER  |b BIBDER  |d 2019-11-19  |i 183682K  |l 1  |o 340.2 GAR 1980  |p 183682K  |r 2023-01-25  |s 2022-05-26  |w 2019-11-19  |y BK  |k DER